MODERN ECONOMICS (Record no. 4329)

MARC details
000 -LEADER
fixed length control field 00400nam a22001817a 4500
003 - CONTROL NUMBER IDENTIFIER
control field OSt
005 - DATE AND TIME OF LATEST TRANSACTION
control field 20210916100527.0
008 - FIXED-LENGTH DATA ELEMENTS--GENERAL INFORMATION
fixed length control field 210916b |||||||| |||| 00| 0 eng d
020 ## - INTERNATIONAL STANDARD BOOK NUMBER
International Standard Book Number 9780230551299
040 ## - CATALOGING SOURCE
Transcribing agency HU
082 ## - DEWEY DECIMAL CLASSIFICATION NUMBER
Classification number 330
100 ## - MAIN ENTRY--PERSONAL NAME
Personal name JACK HARIVEY
9 (RLIN) 4246
245 ## - TITLE STATEMENT
Title MODERN ECONOMICS
250 ## - EDITION STATEMENT
Edition statement EIGHET
260 ## - PUBLICATION, DISTRIBUTION, ETC.
Place of publication, distribution, etc. CHAINA
Name of publisher, distributor, etc. PALGRAVE
Date of publication, distribution, etc. 2007
300 ## - PHYSICAL DESCRIPTION
Extent 562
942 ## - ADDED ENTRY ELEMENTS (KOHA)
Source of classification or shelving scheme Dewey Decimal Classification
Koha item type Books like text book referance book
Suppress in OPAC No
Holdings
Withdrawn status Lost status Source of classification or shelving scheme Damaged status Not for loan Home library Current library Shelving location Date acquired Total Checkouts Full call number Barcode Date last seen Copy number Price effective from Koha item type
    Dewey Decimal Classification     College of Business and Economics Library College of Business and Economics Library General Stacks 09/16/2021   330/ARA 115 09/16/2021 4 09/16/2021 Books like text book referance book
    Dewey Decimal Classification     Natural & Computational Science Library Natural & Computational Science Library General Stacks 10/05/2021   330.02/HAR NSCLIB000016106 10/05/2021 1 10/05/2021 Books like text book referance book